| 000 | 01018nam a22003017a 4500 | ||
|---|---|---|---|
| 003 | CHAP | ||
| 005 | 20220817042027.0 | ||
| 008 | 971013s1984 r 00010 d | ||
| 010 | _a32301 | ||
| 011 | _a33273 | ||
| 035 | _a37388 | ||
| 040 | _cCHAP | ||
| 090 | _aFolleto 11306 | ||
| 100 | 0 | 0 |
_aMas Porras, Javier. _972743 |
| 245 | _aInstructivo para el registro de datos de inventario para manejo silvícola de plantaciones forestales de clima templado y frío | ||
| 260 |
_aMéxico, D.F. : _bInstituto Nacional de Investigaciones Forestales, _c1984 |
||
| 300 | _a28 p | ||
| 490 |
_aBoletín divulgativo _v; 67 |
||
| 590 |
_aBATCH-UPD _b10 _c20130110 _lUCH01 _h1315 |
||
| 590 |
_aBATCH-UPD _b10 _c20130410 _lUCH01 _h0827 |
||
| 590 |
_aBATCH-UPD _b10 _c20130914 _lUCH01 _h0652 |
||
| 590 |
_aCONVERSION _b10 _c20130109 _lUCH01 _h1318 |
||
| 650 | 1 | 4 |
_aBosques _xInventarios. _914240 |
| 830 | 0 |
_aBoletín divulgativo _v; 67 |
|
| 901 | _aBK | ||
| 942 | _cFOLL | ||
| 949 |
_aFolleto 11306 _bBC _cFOLL _d-85684 _eTS1 _i37388 _mD _si |
||
| 999 |
_c32301 _d32301 |
||